| 000 | 01929nam0a22002771 4500 | ||
|---|---|---|---|
| 001 | rc\4741664 | ||
| 005 | 20250612165227.0 | ||
| 021 |
_aRU _b[63-80077] |
||
| 035 | _a(NLR Aleph) 008737328 | ||
| 090 |
_a9511615 _c9511615 |
||
| 100 | _a20130416d1963 |||y0rusy50 ca | ||
| 101 | 0 | _arus | |
| 102 | _aRU | ||
| 105 | _ay z ||||| | ||
| 200 | 1 |
_aТезисы докладов и научных сообщений _fКомис. по делам несовершеннолетних при Исполкоме Риж. гор. Совета депутатов трудящихся. Сектор права Ин-та экономики АН Латв. ССР. Респ. о-во "Знание". Науч. конференция "Обществ. контроль за деятельностью спец. и иных учреждений для детей и подростков и предупреждение правонарушений несовершеннолетних". (Опыт комис. по делам несовершеннолетних). 18-19 сент. 1963 г. |
|
| 210 |
_aРига _cБ. и. _d1963 |
||
| 215 |
_a35 с. _d20 |
||
| 606 |
_aНесовершеннолетние правонарушители _xПеревоспитание _jСборники _2psbo |
||
| 606 |
_aПреступления несовершеннолетних _xПредупреждение _jТезисы докладов _2psbo |
||
| 710 | 1 | 2 |
_a"Общественный контроль за деятельностью специальных и иных учреждений для детей и подростков и предупреждение правонарушений несовершеннолетних", научная конференция _eРига _f1963 _9509782 _3RU\NLR\AUTH\880422487 |
| 801 | 0 |
_aRU _bNLR _gpsbo |
|
| 801 | 1 |
_aRU _bELAR _2rusmarc |
|
| 852 |
_aNLR _j63-4/16519 |
||
| 942 | _cBOOK | ||
| 980 | _aNB | ||